000 00299nam a22001337a 4500
008 180922b xxu||||| |||| 00| 0 eng d
020 _a9780321303370
041 _aeng
080 _a004
100 _a28
101 _aSHKI
245 _aThe Non-Designer's Web Book
_cWilliams, R
942 _2udc
_cBK
999 _c48264
_d48264